| 000 | 00732nam a22002297a 4500 | ||
|---|---|---|---|
| 005 | 20210325185538.0 | ||
| 008 | s2003 eng d | ||
| 020 | _a9812302166 | ||
| 041 | _aeng | ||
| 050 | _aDS501 S72 2003 | ||
| 245 | 1 | 0 | _aSoutheast Asian affairs 2003 |
| 260 | 3 |
_aSingapore : _bInstitute of Southeast Asian Studies, _c2003 |
|
| 300 |
_a338 p. ; _b 25 cm. |
||
| 650 | 0 | 4 | _aSoutheast Asia -- Economic conditions -- Periodicals |
| 650 | 0 | 4 | _aSoutheast Asia -- Politics and government -- Periodicals |
| 650 | 0 | 4 | _aSoutheast Asia -- Periodicals |
| 850 | _aNALT | ||
| 942 | _cGB | ||
| 997 | _a7125 | ||
| 997 | _c000000000023244 | ||
| 998 | _aนางสาวสุพันดา สุภาพ | ||
| 999 |
_c23244 _d23244 |
||